000 00523nam a22001697a 4500
005 20260128121733.0
010 _aENG-147725
020 _a9789380458182
_c495.00
035 _aEN-131257
082 _a155.4
_b1
100 _aKabra, Roopnarain
_986941
245 _aHandling Children The Rightway/
_cRoopnarain Kabra
260 _a New Delhi
_bSamayik Books
_c 2024
270 _a3320-21 Jatwara, Daryaganj, N.S. Marg
_bNew Delhi
_e110002
300 _a159 p.
_c22 cm (hb)
942 _2ddc
_cEN
_h155.4
_mKAB
999 _c214560
_d214560